Custodians of the commons : (Record no. 12337)

000 -LEADER
fixed length control field 00653cam a22002177a 4500
020 ## - INTERNATIONAL STANDARD BOOK NUMBER
ISBN 1853834734
040 ## - CATALOGING SOURCE
Transcribing agency EQF
082 00 - DEWEY DECIMAL CLASSIFICATION NUMBER
Classification number 333 EAR 1998 A019 Co.
245 00 - TITLE STATEMENT
Title Custodians of the commons :
Remainder of title pastoral land tenure in East and West Africa /
260 ## - PUBLICATION, DISTRIBUTION, ETC. (IMPRINT)
Place of publication London :
Name of publisher Earthscan Publications,
Year of publication 1998.
300 ## - PHYSICAL DESCRIPTION
Number of Pages xviii, 238 p. :
Other physical details maps ;
Dimensions 24 cm.
650 #0 - SUBJECT ADDED ENTRY--TOPICAL TERM
Topical Term Pastoral systems
650 #0 - SUBJECT ADDED ENTRY--TOPICAL TERM
Topical Term Pastoral systems
650 #0 - SUBJECT ADDED ENTRY--TOPICAL TERM
Topical Term Land tenure
650 #0 - SUBJECT ADDED ENTRY--TOPICAL TERM
Topical Term Land tenure
650 #0 - SUBJECT ADDED ENTRY--TOPICAL TERM
Topical Term Land use, Rural
650 #0 - SUBJECT ADDED ENTRY--TOPICAL TERM
Topical Term Land use, Rural
700 1# - ADDED ENTRY--PERSONAL NAME
Personal name Lane, Charles R.
856 42 - ELECTRONIC LOCATION AND ACCESS
Uniform Resource Identifier http://www.loc.gov/catdir/enhancements/fy1111/98148608-b.html
942 ## - ADDED ENTRY ELEMENTS (KOHA)
Koha item type សៀវភៅភាសាអង់គ្លេស
952 ## - LOCATION AND ITEM INFORMATION (KOHA)
Withdrawn status [LOCAL, KOHA] 0
Holdings
Permanent Location Date acquired Koha item type Lost status Shelving location Barcode Current Location Full call number
Library Block A2017-08-12សៀវភៅភាសាអង់គ្លេស A019A18161Library Block A333 EAR 1998 A019 Co.
មជ្ឈមណ្ឌលឯការនៃសាកលវិទ្យាល័យភូមិន្ទកសិកម្មចំការដូង

Powered by Koha